| 000 | 00706nab a2200229u 4500 | ||
|---|---|---|---|
| 001 | 08102 | ||
| 003 | HDC | ||
| 007 | c| |||a|c|aaaa | ||
| 008 | 210129b20171006my ||||| |||| 00| 0 may d | ||
| 040 | _aHDC | ||
| 245 | 0 | _aEmpat pelajar cipta sos keju guna minyak sawit | |
| 336 |
_atext _2rdacontent |
||
| 337 |
_acomputer _2rdamedia |
||
| 338 |
_aonline resource _2rdacarrier |
||
| 650 |
_aCheese sauce _98626 |
||
| 650 |
_aPalm oil _9212 |
||
| 710 | _aHarian Metro | ||
| 856 | _zRequest full-text at [email protected] | ||
| 942 | _2lcc | ||
| 942 | _cNEWS | ||
| 942 | _kNWSC 001481 | ||
| 999 |
_c5425 _d5425 |
||